| 000 | 00627nam a22001817a 4500 | ||
|---|---|---|---|
| 005 | 20251108164256.0 | ||
| 008 | 250721s1988 xx 000 0 ara d | ||
| 082 | 1 | 4 | _a352/خال |
| 100 | 1 | _aالزعبي، خالد سماره | |
| 245 | 1 | 0 |
_aتشكيل المجالس المحلية و أثره على كفايتها في نظم الإدارة المحلية : _bدراسة مقارنة / |
| 250 | _aط2 | ||
| 264 | 1 |
_aعمان : _bمكتبة دار الثقافة، _c1988. |
|
| 300 | _a377ص | ||
| 490 | 0 | _aالكتب القانونية | |
| 650 | 1 | 7 | _aالإدارة المحلية |
| 942 |
_2ddc _cBK |
||
| 999 |
_c8108 _d8108 |
||